[Event "Cto. FACV Ind. Absoluto Valencia 2014"]
[Site "Valencia ESP"]
[Date "2014.10.04"]
[Round "2.14"]
[White "Lozano Gil, Jose Luis"]
[Black "Custard Gasco, Daniel"]
[Result "1-0"]
[WhiteElo "1950"]
[BlackElo "1775"]
[PlyCount "61"]
[EventDate "2014.09.27"]
[EventType "swiss"]
[EventRounds "7"]
[EventCountry "ESP"]
[Source "lmi"]
[SourceDate "2014.09.27"]

1. d4 Nf6 2. c4 e5 3. dxe5 Ng4 4. Bf4 Nc6 5. Nf3 Bb4+ 6. Nc3 Bxc3+ 7. bxc3 Qe7
8. Qd5 Qa3 9. Rd1 Qxc3+ 10. Qd2 Qxc4 11. h3 Nh6 12. e3 Qb4 13. Qxb4 Nxb4 14.
Bc4 b6 15. Nd4 Ba6 16. Bxa6 Nxa6 17. Bxh6 gxh6 18. Nf5 Nb4 19. Rd2 Nc6 20. f4
Ne7 21. Nxh6 Ng8 22. Nf5 O-O-O 23. g4 f6 24. Rc2 Kb7 25. Ke2 fxe5 26. Rhc1 Nf6
27. Rxc7+ Ka6 28. R1c3 b5 29. Nd6 b4 30. R3c5 exf4 31. Nc4 1-0

[Event "Cto. FACV Ind. Absoluto Valencia 2014"]
[Site "Valencia ESP"]
[Date "2014.10.18"]
[Round "3.1"]
[White "Garcia Fernandez, Carlos"]
[Black "Rubio Tent, Francisco"]
[Result "0-1"]
[WhiteElo "2312"]
[BlackElo "2189"]
[PlyCount "121"]
[EventDate "2014.09.27"]
[EventType "swiss"]
[EventRounds "7"]
[EventCountry "ESP"]
[Source "lmi"]
[SourceDate "2014.09.27"]

1. e4 d5 2. d4 dxe4 3. Nc3 Nf6 4. f3 e3 5. Bxe3 Bf5 6. h4 h5 7. Bd3 Qd7 8. Nge2
Nc6 9. a3 Bxd3 10. Qxd3 e6 11. Ne4 Be7 12. c4 a6 13. Qc2 b5 14. b3 Rb8 15. g3
O-O 16. O-O bxc4 17. bxc4 Na5 18. Nf4 g6 19. Ng5 Bd6 20. Rfd1 Rfe8 21. Rd3 Bf8
22. Kg2 Bg7 23. Rc1 Nb7 24. d5 e5 25. Ne2 Nd6 26. Rb3 Nf5 27. Bf2 Rxb3 28. Qxb3
e4 29. fxe4 Nxe4 30. Nxe4 Rxe4 31. Ng1 Qe8 32. Rb1 Bf8 33. Qb8 Qxb8 34. Rxb8
Rxc4 35. Ra8 Ne7 36. Rxa6 Nxd5 37. Nf3 f6 38. Ra5 Nb6 39. Ra7 Bd6 40. Bd4 Nd7
41. a4 Rc2+ 42. Kh3 Ra2 43. a5 Ra3 44. Kg2 Ra2+ 45. Kh3 Ra3 46. Kg2 Kf7 47. Ra8
Ra2+ 48. Kh3 Ra3 49. Kg2 Ra2+ 50. Kh3 c5 51. Bg1 Ra3 52. Kg2 c4 53. a6 c3 54.
Ne1 Ra1 55. Bf2 Bc5 56. Bxc5 Nxc5 57. a7 Nd7 58. Kf2 Kg7 59. Ke2 Ne5 60. Rc8
Rxa7 61. Rxc3 0-1

[Event "Cto. FACV Ind. Absoluto Valencia 2014"]
[Site "Valencia ESP"]
[Date "2014.10.18"]
[Round "3.2"]
[White "Madero, Sergio"]
[Black "Silva Rodriguez, Fernando"]
[Result "0-1"]
[WhiteElo "2153"]
[BlackElo "2244"]
[PlyCount "116"]
[EventDate "2014.09.27"]
[EventType "swiss"]
[EventRounds "7"]
[EventCountry "ESP"]
[Source "lmi"]
[SourceDate "2014.09.27"]

1. c4 Nf6 2. g3 e6 3. Bg2 d5 4. Nf3 d4 5. O-O c5 6. b4 cxb4 7. d3 Nc6 8. Nbd2
a5 9. a3 Be7 10. axb4 Bxb4 11. Bb2 e5 12. Nb3 Bg4 13. e3 O-O 14. exd4 exd4 15.
Qc2 Bxf3 16. Bxf3 Qd6 17. c5 Qd7 18. Bxc6 bxc6 19. Nxd4 Rfd8 20. Rfc1 Ng4 21.
Qd1 h5 22. Qf3 Ne5 23. Qe4 Qd5 24. f4 Qxe4 25. dxe4 Rxd4 26. fxe5 Rxe4 27. Rc2
Rd8 28. Kg2 Rd5 29. Ba3 Rexe5 30. Bxb4 axb4 31. Ra8+ Kh7 32. Rb2 Rd4 33. Ra4
Rxc5 34. Raxb4 Rxb4 35. Rxb4 Rc2+ 36. Kf3 c5 37. Rb5 Kg6 38. Kf4 f6 39. h4 Rc4+
40. Kf3 Kf5 41. Rb7 Rc3+ 42. Kf2 g5 43. Rf7 Rc2+ 44. Ke3 Rc3+ 45. Kf2 Kg6 46.
Rc7 Rc2+ 47. Ke3 g4 48. Rc8 Rg2 49. Rg8+ Kf5 50. Rh8 Rxg3+ 51. Ke2 Kf4 52. Rxh5
f5 53. Rh8 Rg2+ 54. Kf1 Kg3 55. Rc8 f4 56. h5 f3 57. h6 Rh2 58. Kg1 f2+ 0-1

[Event "Cto. FACV Ind. Absoluto Valencia 2014"]
[Site "Valencia ESP"]
[Date "2014.10.18"]
[Round "3.3"]
[White "Cruz Lledo, Pablo"]
[Black "Salvador Lopez, Daniel"]
[Result "1-0"]
[WhiteElo "2290"]
[BlackElo "2117"]
[PlyCount "67"]
[EventDate "2014.09.27"]
[EventType "swiss"]
[EventRounds "7"]
[EventCountry "ESP"]
[Source "lmi"]
[SourceDate "2014.09.27"]

1. d4 Nf6 2. c4 e6 3. Nc3 Bb4 4. e3 b6 5. Bd3 Bb7 6. f3 d5 7. Nge2 O-O 8. O-O
Nbd7 9. a3 Be7 10. e4 c5 11. e5 Ne8 12. cxd5 cxd4 13. dxe6 Nxe5 14. Be4 Bxe4
15. exf7+ Rxf7 16. Nxe4 d3 17. Nf4 Rc8 18. Qb3 Rc4 19. Rd1 Rxe4 20. fxe4 Qd4+
21. Kh1 Ng4 22. Nxd3 Kf8 23. h3 Nef6 24. Bf4 Nxe4 25. hxg4 Rxf4 26. Nxf4 Nf2+
27. Kh2 Qxf4+ 28. g3 Qh6+ 29. Kg2 Bc5 30. Qf3+ Ke7 31. Re1+ Kd8 32. Rad1+ Kc8
33. Re8+ Kc7 34. Qf7+ 1-0

[Event "Cto. FACV Ind. Absoluto Valencia 2014"]
[Site "Valencia ESP"]
[Date "2014.10.18"]
[Round "3.4"]
[White "Torres Sanchez, Jose"]
[Black "Fos Santacreu, Juan Andres"]
[Result "0-1"]
[WhiteElo "2277"]
[BlackElo "2279"]
[PlyCount "88"]
[EventDate "2014.09.27"]
[EventType "swiss"]
[EventRounds "7"]
[EventCountry "ESP"]
[Source "lmi"]
[SourceDate "2014.09.27"]

1. e4 c6 2. Nc3 d5 3. Qf3 d4 4. Bc4 e6 5. Nce2 c5 6. d3 Nc6 7. Qg3 Nge7 8. f4
b5 9. Bb3 Na5 10. Nf3 g6 11. O-O Bg7 12. Bd2 Nxb3 13. cxb3 Bb7 14. Rac1 Rc8 15.
Kh1 O-O 16. Qh4 Re8 17. b4 c4 18. Nexd4 cxd3 19. Nxb5 Bxe4 20. Ng5 Bxg2+ 21.
Kxg2 Qd5+ 22. Kg1 h6 23. Nc3 Qd4+ 24. Qf2 hxg5 25. fxg5 Qg4+ 26. Qg2 Qxb4 27.
Kh1 Qxb2 28. Rb1 Qa3 29. Ne4 Qxa2 30. Nd6 Nf5 31. Nxe8 Rxe8 32. Rb5 Bd4 33. Qc6
Ng7 34. Qd7 e5 35. Rd5 Qxd2 36. Qxf7+ Kh7 37. Rd7 Rg8 38. Rxd4 exd4 39. Rf3
Qc1+ 40. Kg2 Qxg5+ 41. Rg3 Qd2+ 42. Kg1 Qe1+ 43. Kg2 Qe2+ 44. Kg1 Qe6 0-1

[Event "Cto. FACV Ind. Absoluto Valencia 2014"]
[Site "Valencia ESP"]
[Date "2014.10.18"]
[Round "3.5"]
[White "Nieves Cabanes, Jose Manuel"]
[Black "Sanchez Saez, Francisco"]
[Result "1/2-1/2"]
[WhiteElo "1939"]
[BlackElo "2320"]
[PlyCount "139"]
[EventDate "2014.09.27"]
[EventType "swiss"]
[EventRounds "7"]
[EventCountry "ESP"]
[Source "lmi"]
[SourceDate "2014.09.27"]

1. d4 c5 2. d5 Nf6 3. Nf3 g6 4. c4 e6 5. Nc3 exd5 6. cxd5 d6 7. Bf4 Bg7 8. h3
O-O 9. e3 a6 10. a4 Qa5 11. Nd2 Qb4 12. Ra3 Nh5 13. Rb3 Nxf4 14. Rxb4 cxb4 15.
exf4 bxc3 16. bxc3 Nd7 17. Be2 Nc5 18. O-O Bd7 19. a5 Rfe8 20. Bf3 Bxc3 21. Qc2
Bxa5 22. Nc4 Bc7 23. Ne3 Bd8 24. g4 Bf6 25. Nc4 Ba4 26. Qc1 Rad8 27. Nxd6 Rxd6
28. Qxc5 Red8 29. Rb1 b5 30. Re1 R6d7 31. g5 Bg7 32. Re7 Bf8 33. Rxd7 Rxd7 34.
Qc8 Rd6 35. f5 Bb3 36. h4 Bxd5 37. Bxd5 Rxd5 38. fxg6 hxg6 39. Qxa6 b4 40. Qc4
Rc5 41. Qa2 Rf5 42. Kg2 Bc5 43. f3 Bd4 44. Qa8+ Kg7 45. Qb8 Bc3 46. Qb6 Rd5 47.
Kg3 Rd1 48. h5 gxh5 49. Kf4 Re1 50. Qh6+ Kg8 51. Qxh5 Be5+ 52. Kf5 Bg7 53. f4
b3 54. Qh4 Re8 55. g6 fxg6+ 56. Kxg6 Re6+ 57. Kf5 Rf6+ 58. Ke4 b2 59. Qh1 Ra6
60. Kd3 Ra1 61. Qd5+ Kf8 62. Qd6+ Kf7 63. Qd5+ Kf6 64. Qe5+ Kg6 65. Qg5+ Kh7
66. Qh5+ Kg8 67. Qe8+ Bf8 68. Qg6+ Bg7 69. Qe8+ Kh7 70. Qh5+ 1/2-1/2

[Event "Cto. FACV Ind. Absoluto Valencia 2014"]
[Site "Valencia ESP"]
[Date "2014.10.18"]
[Round "3.6"]
[White "Ribera Cebolla, Marc"]
[Black "Cebolla Moll, Ricardo"]
[Result "1-0"]
[WhiteElo "2207"]
[BlackElo "2017"]
[PlyCount "73"]
[EventDate "2014.09.27"]
[EventType "swiss"]
[EventRounds "7"]
[EventCountry "ESP"]
[Source "lmi"]
[SourceDate "2014.09.27"]

1. e4 d5 2. exd5 Qxd5 3. Nc3 Qd6 4. d4 Nf6 5. Nf3 c6 6. Ne5 Nbd7 7. f4 Qc7 8.
Bc4 e6 9. Qf3 Nb6 10. Bb3 Nbd5 11. Bd2 Bb4 12. O-O-O Nxc3 13. Bxc3 Bxc3 14.
Qxc3 Nd7 15. Rhe1 Nxe5 16. Rxe5 O-O 17. g4 b5 18. Qf3 a5 19. c3 Bb7 20. Rc5 a4
21. Bc2 Rad8 22. Be4 f5 23. gxf5 exf5 24. Bxc6 Bxc6 25. Rxc6 Qb7 26. Rf1 b4 27.
Rc4 Qe7 28. Rxb4 a3 29. b3 Rc8 30. Kb1 Rc7 31. Rb5 Rfc8 32. c4 Qf6 33. Rd1 Qh4
34. h3 Re7 35. Re5 Rce8 36. Kc2 Qf6 37. Rde1 1-0

[Event "Cto. FACV Ind. Absoluto Valencia 2014"]
[Site "Valencia ESP"]
[Date "2014.10.18"]
[Round "3.7"]
[White "O`neill Y Daneiko, Jose Antoni"]
[Black "Lozano Gil, Jose Luis"]
[Result "1-0"]
[WhiteElo "2133"]
[BlackElo "1950"]
[PlyCount "67"]
[EventDate "2014.09.27"]
[EventType "swiss"]
[EventRounds "7"]
[EventCountry "ESP"]
[Source "lmi"]
[SourceDate "2014.09.27"]

1. e4 c5 2. Nf3 Nc6 3. d4 cxd4 4. Nxd4 Nf6 5. Nc3 d6 6. Bg5 e6 7. Qd2 Be7 8.
O-O-O Nxd4 9. Qxd4 O-O 10. f3 a6 11. h4 b5 12. Kb1 Bb7 13. g4 d5 14. e5 Nd7 15.
Bxe7 Qxe7 16. f4 Rac8 17. Rh2 Rc7 18. Bd3 Qc5 19. Ne2 Qxd4 20. Nxd4 Nc5 21. Re1
Re8 22. Rhe2 Nxd3 23. cxd3 Kf8 24. Rc1 Rec8 25. Rxc7 Rxc7 26. Rc2 Rxc2 27. Kxc2
Ke7 28. Kc3 Kd7 29. Kb4 Kc7 30. Ka5 Bc8 31. Nc2 Kc6 32. Nb4+ Kc5 33. Nxa6+ Kd4
34. Kxb5 1-0

[Event "Cto. FACV Ind. Absoluto Valencia 2014"]
[Site "Valencia ESP"]
[Date "2014.10.18"]
[Round "3.8"]
[White "Gonzalez Aguirre, Luis"]
[Black "Jordan Arenas, Manuel"]
[Result "1/2-1/2"]
[WhiteElo "2089"]
[BlackElo "2124"]
[PlyCount "75"]
[EventDate "2014.09.27"]
[EventType "swiss"]
[EventRounds "7"]
[EventCountry "ESP"]
[Source "lmi"]
[SourceDate "2014.09.27"]

1. d4 Nf6 2. Nf3 e6 3. c4 d5 4. Nc3 dxc4 5. Qa4+ Nbd7 6. Qxc4 a6 7. Bf4 c5 8.
dxc5 Bxc5 9. b4 b5 10. Qb3 Be7 11. e3 Bb7 12. Be2 Rc8 13. O-O Qb6 14. Ne5 O-O
15. Rfd1 Rfd8 16. Nxd7 Nxd7 17. Rd3 Qc6 18. Bf3 Qc4 19. Rad1 Bxf3 20. gxf3 Qc6
21. Ne4 Nb6 22. Bd6 Bxd6 23. Rxd6 Rxd6 24. Rxd6 Qc7 25. Rd1 h6 26. Nc5 Qc6 27.
Kg2 Nd5 28. a3 a5 29. Rc1 axb4 30. axb4 Ra8 31. Nd3 Qa6 32. Rc5 Qa4 33. Qb1 Nb6
34. Rc7 Nd5 35. Rc5 Qa6 36. Qb2 Qd6 37. Qe5 Qxe5 38. Nxe5 1/2-1/2

[Event "Cto. FACV Ind. Absoluto Valencia 2014"]
[Site "Valencia ESP"]
[Date "2014.10.18"]
[Round "3.9"]
[White "Navarro Diaz, Carles"]
[Black "Ortega Andres, Fernando"]
[Result "0-1"]
[WhiteElo "2103"]
[BlackElo "1843"]
[PlyCount "66"]
[EventDate "2014.09.27"]
[EventType "swiss"]
[EventRounds "7"]
[EventCountry "ESP"]
[Source "lmi"]
[SourceDate "2014.09.27"]

1. d4 Nf6 2. c4 e5 3. dxe5 Ng4 4. Bf4 g5 5. Bd2 Bg7 6. e3 Nxe5 7. Bc3 Qe7 8. h4
g4 9. Ne2 d6 10. Nf4 Bf5 11. Nd2 Na6 12. Nb3 O-O-O 13. Nd4 Bd7 14. Qc2 g3 15.
f3 Nxf3+ 16. Nxf3 Qxe3+ 17. Ne2 Nc5 18. Rd1 Bxc3+ 19. bxc3 Ba4 20. Qf5+ Kb8 21.
Qf4 Qf2+ 22. Kd2 Bxd1 23. Kxd1 Nd3 24. Qd2 Ne5 25. Qd4 Rhe8 26. Qxf2 gxf2 27.
Ned4 c5 28. Nf5 Nxf3 29. gxf3 Re1+ 30. Kc2 d5 31. Ng3 Rg8 32. Ne2 Rg1 33. Rxg1
Rxe2+ 0-1

[Event "Cto. FACV Ind. Absoluto Valencia 2014"]
[Site "Valencia ESP"]
[Date "2014.10.18"]
[Round "3.10"]
[White "Leon Ortiz, Jose Vicente"]
[Black "Nieves Cabanes, Javier"]
[Result "0-1"]
[WhiteElo "1794"]
[BlackElo "2097"]
[PlyCount "42"]
[EventDate "2014.09.27"]
[EventType "swiss"]
[EventRounds "7"]
[EventCountry "ESP"]
[Source "lmi"]
[SourceDate "2014.09.27"]

1. e4 c5 2. Nf3 e6 3. c3 d5 4. exd5 exd5 5. d4 Nc6 6. Be3 Qb6 7. Qb3 c4 8. Qxb6
axb6 9. Be2 Bd6 10. O-O b5 11. Nbd2 b4 12. Rfe1 Nge7 13. Nf1 b5 14. Bd2 O-O 15.
Ne3 Ra7 16. Nc2 bxc3 17. bxc3 Bf5 18. Ne3 Rfa8 19. h3 Bg6 20. g4 h6 21. Kg2
Rxa2 0-1

[Event "Cto. FACV Ind. Absoluto Valencia 2014"]
[Site "Valencia ESP"]
[Date "2014.10.18"]
[Round "3.11"]
[White "Redondo Flores, David"]
[Black "Buenafe Moya, Javier"]
[Result "0-1"]
[WhiteElo "1999"]
[BlackElo "2256"]
[PlyCount "82"]
[EventDate "2014.09.27"]
[EventType "swiss"]
[EventRounds "7"]
[EventCountry "ESP"]
[Source "lmi"]
[SourceDate "2014.09.27"]

1. e4 e5 2. Nf3 Nc6 3. Bc4 Bc5 4. c3 Nf6 5. d3 d6 6. Bb3 O-O 7. Bg5 h6 8. Bh4
Be6 9. Nbd2 Kh7 10. h3 Bxb3 11. Qxb3 Bb6 12. Nc4 g5 13. Nxb6 axb6 14. Bg3 Ne7
15. O-O Ng6 16. Rfe1 Qd7 17. d4 Rae8 18. dxe5 dxe5 19. Rad1 Qc8 20. Qc4 Re7 21.
Rd2 Rg8 22. Qb5 Qe6 23. Qb3 Qc6 24. Qb4 Qe6 25. Qb3 Qc8 26. Qb5 g4 27. hxg4
Qxg4 28. Nh2 Qh5 29. Qe2 Qg5 30. Nf3 Qg4 31. Nh2 Qe6 32. b3 h5 33. Nf3 Qg4 34.
Qf1 h4 35. Bh2 Kh8 36. Re3 Nxe4 37. Rde2 Nf4 38. Bxf4 exf4 39. Nh2 Qf5 40. Qe1
fxe3 41. Rxe3 Re6 0-1

[Event "Cto. FACV Ind. Absoluto Valencia 2014"]
[Site "Valencia ESP"]
[Date "2014.10.18"]
[Round "3.12"]
[White "Capella Gimenez, Jose M"]
[Black "Benedito Salavert, Jaime"]
[Result "1/2-1/2"]
[WhiteElo "2051"]
[BlackElo "1914"]
[PlyCount "64"]
[EventDate "2014.09.27"]
[EventType "swiss"]
[EventRounds "7"]
[EventCountry "ESP"]
[Source "lmi"]
[SourceDate "2014.09.27"]

1. d4 e6 2. c4 Nf6 3. Nc3 c5 4. d5 exd5 5. cxd5 d6 6. e4 g6 7. f4 Bg7 8. e5
dxe5 9. fxe5 Qe7 10. Qe2 Nfd7 11. e6 Bxc3+ 12. bxc3 fxe6 13. dxe6 Nb6 14. Ba3
O-O 15. Qe3 Qf6 16. Bb5 Bxe6 17. Bxc5 Nc4 18. Bxc4 Bxc4 19. Nf3 Qf4 20. Qxf4
Rxf4 21. O-O-O Nc6 22. Rd7 Rf5 23. Be3 Re8 24. Re1 Ra5 25. Rxb7 Rxa2 26. Rb2
Rxb2 27. Kxb2 Ne5 28. Nxe5 Rxe5 29. Bf2 Rxe1 30. Bxe1 Kf7 31. Ka3 Ke6 32. Kb4
Kd5 1/2-1/2

[Event "Cto. FACV Ind. Absoluto Valencia 2014"]
[Site "Valencia ESP"]
[Date "2014.10.18"]
[Round "3.13"]
[White "Gonzalvez Perales, Jose Luis"]
[Black "Alonso Igual, Ignacio"]
[Result "1-0"]
[WhiteElo "2008"]
[BlackElo "1842"]
[PlyCount "83"]
[EventDate "2014.09.27"]
[EventType "swiss"]
[EventRounds "7"]
[EventCountry "ESP"]
[Source "lmi"]
[SourceDate "2014.09.27"]

1. e4 e5 2. Nf3 Nf6 3. Nxe5 Nxe4 4. Qe2 Qe7 5. Qxe4 d6 6. d4 dxe5 7. dxe5 Nc6
8. Bf4 g5 9. Bb5 Bd7 10. e6 Bxe6 11. Bxc6+ bxc6 12. O-O O-O-O 13. Be3 Bd5 14.
Qf5+ Qe6 15. Qxe6+ fxe6 16. Nc3 h6 17. Bxa7 Bg7 18. a4 Bxc3 19. bxc3 Bc4 20.
Rfd1 Rxd1+ 21. Rxd1 h5 22. f3 Rg8 23. Rd4 Ba6 24. h3 g4 25. hxg4 hxg4 26. Rxg4
Rxg4 27. fxg4 Be2 28. g5 Bh5 29. Kf2 Kb7 30. Bd4 Ka6 31. Ke3 c5 32. Bxc5 Ka5
33. Kf4 Kxa4 34. g4 Bg6 35. Ke5 Kb5 36. Kf6 Bxc2 37. Bd4 Kc6 38. Be5 Kd7 39.
Kf7 Bd1 40. g6 Bxg4 41. g7 Bh5+ 42. Kf8 1-0

[Event "Cto. FACV Ind. Absoluto Valencia 2014"]
[Site "Valencia ESP"]
[Date "2014.10.18"]
[Round "3.14"]
[White "Roca Cruz, Rafael"]
[Black "Ribes Peris, Alvaro"]
[Result "0-1"]
[WhiteElo "1950"]
[BlackElo "2052"]
[PlyCount "79"]
[EventDate "2014.09.27"]
[EventType "swiss"]
[EventRounds "7"]
[EventCountry "ESP"]
[Source "lmi"]
[SourceDate "2014.09.27"]

1. d4 d5 2. c4 Nc6 3. Nc3 dxc4 4. e3 Nf6 5. Bxc4 a6 6. Nf3 b5 7. Be2 b4 8. Na4
Qd5 9. b3 e6 10. Bb2 Bd6 11. Rc1 Ne7 12. Ne5 Bb7 13. Bf3 Qb5 14. Nc5 Bxf3 15.
Qxf3 c6 16. g4 Bxe5 17. dxe5 Nfd5 18. Ne4 O-O 19. h4 Rad8 20. h5 Nc3 21. Nxc3
bxc3 22. Bxc3 Nd5 23. Bd4 Nb4 24. a4 Nd3+ 25. Kd2 Qxb3 26. Rc3 Nxe5 27. Rxb3
Nxf3+ 28. Kc3 Rd5 29. Ba7 Rfd8 30. Rb8 Rd3+ 31. Kc2 Rd2+ 32. Kc3 Rxb8 33. Bxb8
Rxf2 34. Rb1 Ra2 35. Bc7 h6 36. Rb8+ Kh7 37. a5 Ng5 38. Rb6 Rxa5 39. Rxc6 Ra1
40. Be5 0-1

[Event "Cto. FACV Ind. Absoluto Valencia 2014"]
[Site "Valencia ESP"]
[Date "2014.10.24"]
[Round "4.1"]
[White "Silva Rodriguez, Fernando"]
[Black "Rubio Tent, Francisco"]
[Result "1-0"]
[WhiteElo "2244"]
[BlackElo "2189"]
[PlyCount "81"]
[EventDate "2014.09.27"]
[EventType "swiss"]
[EventRounds "7"]
[EventCountry "ESP"]
[Source "lmi"]
[SourceDate "2014.09.27"]

1. Nf3 d5 2. c4 c6 3. e3 Nf6 4. Nc3 a6 5. b3 Bg4 6. h3 Bh5 7. g4 Bg6 8. Ne5 d4
9. Ne2 dxe3 10. fxe3 Be4 11. Rg1 Nbd7 12. Nxd7 Nxd7 13. Ng3 Bg6 14. h4 h6 15.
Bb2 e6 16. h5 Bh7 17. Qf3 Nc5 18. e4 Qb6 19. Qe3 Be7 20. Rg2 Bg5 21. Qf3 Bh4
22. d3 Qa5+ 23. Kf2 Qb6 24. Ke1 f6 25. Rh2 Qa5+ 26. Kf2 Bxg3+ 27. Kxg3 e5 28.
g5 Ke7 29. g6 Bg8 30. Bh3 Be6 31. Bf5 Rad8 32. Rd1 Rd7 33. d4 exd4 34. b4 Qc7+
35. Kh3 Na4 36. Bxd4 Rhd8 37. Rhd2 b5 38. Bxe6 Kxe6 39. Qf5+ Ke7 40. Bxf6+ Ke8
41. Qe6+ 1-0

[Event "Cto. FACV Ind. Absoluto Valencia 2014"]
[Site "Valencia ESP"]
[Date "2014.10.24"]
[Round "4.2"]
[White "Fos Santacreu, Juan Andres"]
[Black "Cruz Lledo, Pablo"]
[Result "1-0"]
[WhiteElo "2279"]
[BlackElo "2290"]
[PlyCount "93"]
[EventDate "2014.09.27"]
[EventType "swiss"]
[EventRounds "7"]
[EventCountry "ESP"]
[Source "lmi"]
[SourceDate "2014.09.27"]

1. e4 d5 2. exd5 Qxd5 3. Nc3 Qd6 4. d4 Nf6 5. Bc4 g6 6. Nf3 Bg7 7. h3 a6 8. Bb3
O-O 9. Be3 Nc6 10. Qd2 Na5 11. Bf4 Nxb3 12. axb3 Qe6+ 13. Be5 Nd5 14. Nxd5 Qxd5
15. Bxc7 Bf5 16. c4 Qc6 17. Ba5 Be4 18. Qe3 Bxf3 19. gxf3 b5 20. Rc1 Rac8 21.
d5 Qd7 22. Bc3 Bxc3+ 23. Rxc3 Rfd8 24. Kf1 Qb7 25. Qe2 Rc5 26. Kg2 e6 27. dxe6
Rg5+ 28. Kf1 bxc4 29. bxc4 fxe6 30. h4 Rf5 31. Qxe6+ Kg7 32. Qe2 Rd4 33. Re3
Qc6 34. b3 Rdf4 35. Rh3 Kh6 36. Re4 Qf6 37. Qe3 Kh5 38. Rxf4 Rxf4 39. Kg2 a5
40. Qa7 Kh6 41. Qxa5 Rxh4 42. Qd2+ Kh5 43. Qd7 Kh6 44. Rxh4+ Qxh4 45. Qh3 Qxh3+
46. Kxh3 Kg5 47. c5 1-0

[Event "Cto. FACV Ind. Absoluto Valencia 2014"]
[Site "Valencia ESP"]
[Date "2014.10.24"]
[Round "4.3"]
[White "O`neill Y Daneiko, Jose Antoni"]
[Black "Garcia Fernandez, Carlos"]
[Result "1/2-1/2"]
[WhiteElo "2133"]
[BlackElo "2312"]
[PlyCount "48"]
[EventDate "2014.09.27"]
[EventType "swiss"]
[EventRounds "7"]
[EventCountry "ESP"]
[Source "lmi"]
[SourceDate "2014.09.27"]

1. e4 d6 2. d4 Nf6 3. Nc3 e5 4. Nf3 exd4 5. Qxd4 Bd7 6. Bg5 Be7 7. O-O-O Nc6 8.
Qd2 h6 9. Bh4 O-O 10. e5 Ne8 11. Bxe7 Nxe7 12. Bc4 Bc6 13. Rhe1 Bxf3 14. gxf3
Ng6 15. e6 Kh8 16. exf7 Nf6 17. f4 Nh5 18. Re4 Nf6 19. Rd4 Qd7 20. Rg1 Nh4 21.
Rd3 Qc6 22. Be6 Nf3 23. Rxf3 Qxf3 24. f5 c6 1/2-1/2

[Event "Cto. FACV Ind. Absoluto Valencia 2014"]
[Site "Valencia ESP"]
[Date "2014.10.24"]
[Round "4.4"]
[White "Nieves Cabanes, Javier"]
[Black "Ribera Cebolla, Marc"]
[Result "0-1"]
[WhiteElo "2097"]
[BlackElo "2207"]
[PlyCount "77"]
[EventDate "2014.09.27"]
[EventType "swiss"]
[EventRounds "7"]
[EventCountry "ESP"]
[Source "lmi"]
[SourceDate "2014.09.27"]

1. d4 Nf6 2. c4 g6 3. Nf3 Bg7 4. e3 d5 5. cxd5 Nxd5 6. e4 Nb6 7. Be3 c6 8. h3
O-O 9. Nbd2 N8d7 10. a4 a5 11. Nb3 f5 12. Ng5 Nf6 13. Nc5 Nxe4 14. Qb3+ Nd5 15.
Nce6 Bxe6 16. Nxe6 Qd6 17. Nxf8 f4 18. Bd3 fxe3 19. Bxe4 exf2+ 20. Kf1 Rxf8 21.
Rd1 e6 22. g3 Nf6 23. Bf3 Qxg3 24. Qxe6+ Kh8 25. Qe2 Qf4 26. Kg2 Nd5 27. Bxd5
Qg5+ 28. Kh2 Qxd5 29. Qe3 Bxd4 30. Qxd4+ Qxd4 31. Rxd4 f1=Q 32. Rxf1 Rxf1 33.
Kg2 Rf7 34. Rd8+ Kg7 35. Ra8 Rf4 36. Rxa5 Rb4 37. Ra7 Rxb2+ 38. Kf3 Kf6 39. a5
0-1

[Event "Cto. FACV Ind. Absoluto Valencia 2014"]
[Site "Valencia ESP"]
[Date "2014.10.24"]
[Round "4.5"]
[White "Salvador Lopez, Daniel"]
[Black "Madero, Sergio"]
[Result "1-0"]
[WhiteElo "2117"]
[BlackElo "2153"]
[PlyCount "31"]
[EventDate "2014.09.27"]
[EventType "swiss"]
[EventRounds "7"]
[EventCountry "ESP"]
[Source "lmi"]
[SourceDate "2014.09.27"]

1. d4 Nf6 2. Nf3 g6 3. Bg5 Bg7 4. Nbd2 O-O 5. e4 d5 6. Bd3 dxe4 7. Nxe4 Nxe4 8.
Bxe4 c5 9. Qd2 Nd7 10. O-O-O Nf6 11. Bxf6 Bxf6 12. h4 Bg4 13. h5 gxh5 14. Qh6
Re8 15. Bxh7+ Kh8 16. Bg6+ 1-0

[Event "Cto. FACV Ind. Absoluto Valencia 2014"]
[Site "Valencia ESP"]
[Date "2014.10.24"]
[Round "4.6"]
[White "Sanchez Saez, Francisco"]
[Black "Jordan Arenas, Manuel"]
[Result "1-0"]
[WhiteElo "2320"]
[BlackElo "2124"]
[PlyCount "73"]
[EventDate "2014.09.27"]
[EventType "swiss"]
[EventRounds "7"]
[EventCountry "ESP"]
[Source "lmi"]
[SourceDate "2014.09.27"]

1. c4 e5 2. g3 Nc6 3. Nc3 Nf6 4. Bg2 Bb4 5. Nd5 O-O 6. Nf3 d6 7. O-O Nxd5 8.
cxd5 Ne7 9. d4 exd4 10. Nxd4 Bd7 11. a3 Bc5 12. b4 Bb6 13. Bb2 Nf5 14. h3 Qg5
15. Kh2 Qh5 16. f4 Rfe8 17. Qd3 c6 18. dxc6 bxc6 19. e4 Ne7 20. g4 Bxg4 21. Qg3
f5 22. Ne6 Kf7 23. Nxg7 Qh6 24. Nxe8 Rxe8 25. Rae1 Rg8 26. Qb3+ Kf8 27. Qc3
fxe4 28. Qf6+ Qxf6 29. Bxf6 Nd5 30. Bg5 Bh5 31. Bxe4 Ne3 32. Rg1 d5 33. Bxh7
Rh8 34. Bh6+ Kf7 35. Rg7+ Kf6 36. Rb7 Nf5 37. Bg5# 1-0

[Event "Cto. FACV Ind. Absoluto Valencia 2014"]
[Site "Valencia ESP"]
[Date "2014.10.24"]
[Round "4.7"]
[White "Nieves Cabanes, Jose Manuel"]
[Black "Torres Sanchez, Jose"]
[Result "0-1"]
[WhiteElo "1939"]
[BlackElo "2277"]
[PlyCount "112"]
[EventDate "2014.09.27"]
[EventType "swiss"]
[EventRounds "7"]
[EventCountry "ESP"]
[Source "lmi"]
[SourceDate "2014.09.27"]

1. d4 d6 2. c4 e5 3. dxe5 dxe5 4. Qxd8+ Kxd8 5. Nc3 c6 6. Bg5+ f6 7. O-O-O+ Kc7
8. Bd2 Be6 9. e3 Nd7 10. Nf3 Nc5 11. h3 a5 12. g4 h5 13. Rg1 hxg4 14. hxg4 g5
15. Be2 Nh6 16. Ne1 Rd8 17. f4 Nf7 18. f5 Bc8 19. Nc2 Be7 20. Rh1 Rh4 21. Rxh4
gxh4 22. Rh1 Rh8 23. Ne1 Ng5 24. Nf3 e4 25. Nxh4 Nf3 26. Bxf3 exf3 27. Nd1 Bd6
28. Nf2 Bg3 29. Nxf3 Rg8 30. Rh7+ Kb6 31. Nh1 Rxg4 32. Nxg3 Rxg3 33. Nd4 Rg5
34. Rh1 Ne4 35. Rf1 c5 36. Ne2 Bxf5 37. Nf4 Ka6 38. Nd5 Bh3 39. Rh1 Bg2 40. Rg1
Nxd2 41. Kxd2 Bxd5 42. Rxg5 fxg5 43. cxd5 c4 44. a4 Kb6 45. e4 Kc5 46. Ke3 b5
47. axb5 Kxb5 48. Kd4 g4 49. e5 g3 50. Ke3 Kc5 51. e6 Kd6 52. Kf3 a4 53. Kxg3
c3 54. bxc3 a3 55. c4 a2 56. c5+ Ke7 0-1

[Event "Cto. FACV Ind. Absoluto Valencia 2014"]
[Site "Valencia ESP"]
[Date "2014.10.24"]
[Round "4.8"]
[White "Gonzalvez Perales, Jose Luis"]
[Black "Gonzalez Aguirre, Luis"]
[Result "1/2-1/2"]
[WhiteElo "2008"]
[BlackElo "2089"]
[PlyCount "117"]
[EventDate "2014.09.27"]
[EventType "swiss"]
[EventRounds "7"]
[EventCountry "ESP"]
[Source "lmi"]
[SourceDate "2014.09.27"]

1. e4 e6 2. d4 d5 3. Bd3 c5 4. exd5 exd5 5. dxc5 Bxc5 6. Nf3 Nf6 7. O-O h6 8.
Bb5+ Nc6 9. Ne5 Qb6 10. Nc3 O-O 11. Nd3 Bg4 12. Qd2 Bd6 13. h3 Bf5 14. Bxc6
bxc6 15. Na4 Qb5 16. Nc3 Qa6 17. Qd1 d4 18. Ne2 c5 19. Bf4 Rfe8 20. Bxd6 Qxd6
21. b3 Nd5 22. Qd2 Re7 23. Rfe1 Rae8 24. Ng3 Bg6 25. Rxe7 Rxe7 26. Re1 Nc3 27.
a4 Rxe1+ 28. Qxe1 Bxd3 29. Qe8+ Kh7 30. cxd3 Qg6 31. Ne4 Ne2+ 32. Kf1 Nf4 33.
g3 Nxd3 34. Nd2 Qf5 35. Qe4 Qxe4 36. Nxe4 f5 37. Nd6 Nc1 38. a5 Nxb3 39. a6 Na5
40. Nb7 Nc6 41. Nxc5 Kg6 42. Ke2 Nb4 43. f4 Kf6 44. Kd2 Ke7 45. Nb3 Nc6 46. Kd3
Nb4+ 47. Kc4 Nxa6 48. Nxd4 Nc7 49. Nc6+ Kf6 50. Nxa7 Ne6 51. Kd3 Nc5+ 52. Ke3
Ne4 53. Kf3 g5 54. Nb5 h5 55. fxg5+ Nxg5+ 56. Kg2 Ke5 57. Nc3 f4 58. gxf4+ Kxf4
59. Ne2+ 1/2-1/2